| 000 | 00408nam a22001337a 4500 | ||
|---|---|---|---|
| 082 | _aP-641 | ||
| 100 |
_aMuhammad Faisal rasheed _950808 |
||
| 245 | _aGeometric and structural design of road section with cost analysis using relevant software | ||
| 260 |
_aRisalpur, _bMCE, _c2015. |
||
| 526 |
_a0 _b0 _c0 _dP_641 |
||
| 526 |
_a0 _b0 _c0 _dP_641 |
||
| 700 |
_aLt Col Muhammad Ayub jan _950809 |
||
| 942 |
_2ddc _cBK |
||
| 999 |
_c553552 _d553552 |
||